दि जंगल बुक : (Record no. 121678)

MARC details
000 -LEADER
fixed length control field 01387nam a22002777a 4500
005 - DATE AND TIME OF LATEST TRANSACTION
control field 20190205152547.0
010 ## - LCCN (DPL NO)
LC control number B-140427, B-201751
020 ## - INTERNATIONAL STANDARD BOOK NUMBER
Terms of availability 150.00
International Standard Book Number 8181660811
035 ## - SYSTEM CONTROL NUMBER
System control number B-140427, B-140429, B-201751
035 ## - SYSTEM CONTROL NUMBER
System control number B-140464
037 ## - SOURCE OF ACQUISITION
Source of stock number/acquisition Cen Lib/Ret
082 ## - DEWEY DECIMAL CLASSIFICATION NUMBER
Classification number
Item number रुडया
100 ## - MAIN ENTRY--PERSONAL NAME
Personal name रुडयार्ड किपलिंग
245 ## - TITLE STATEMENT
Title दि जंगल बुक :
Statement of responsibility, etc रुडयार्ड किपलिंग ; हिंदी अनुवादक संजीवदत्त
Remainder of title सिवली के जंगल में मोगली के कारनामे /
246 ## - VARYING FORM OF TITLE
Title proper/short title The jungle book : sivali ke jungale me mogli karname /
Remainder of title bu Rudyard kipling
260 ## - PUBLICATION, DISTRIBUTION, ETC. (IMPRINT)
Place of publication, distribution, etc दिल्ली
Name of publisher, distributor, etc मेधा बुक्स
Date of publication, distribution, etc 2004
270 ## - ADDRESS
City दिल्ली
Address एक्स-11, नवीन शाहदरा
Postal code 110032
300 ## - PHYSICAL DESCRIPTION
Extent 191पृ.:
Dimensions 20सेमी(सजिल्द )
Other physical details सचित्र
650 ## - SUBJECT ADDED ENTRY--TOPICAL TERM
Topical term or geographic name as entry element साहित्य -- कहानियां
General subdivision
Geographic subdivision
650 ## - SUBJECT ADDED ENTRY--TOPICAL TERM
Topical term or geographic name as entry element अग्रेज़ी-- कहानियां
650 ## - SUBJECT ADDED ENTRY--TOPICAL TERM
Topical term or geographic name as entry element Literature -- stories
650 ## - SUBJECT ADDED ENTRY--TOPICAL TERM
Topical term or geographic name as entry element English-- stories
700 ## - ADDED ENTRY--PERSONAL NAME
Personal name संजीवदत्त
9 (RLIN) 100268
942 ## - ADDED ENTRY ELEMENTS (KOHA)
Source of classification or shelving scheme Dewey Decimal Classification
Item type Hindi Books
Classification part
Call number suffix रुडया
Holdings
Withdrawn status Lost status Not for loan Home library Current library Date acquired Source of acquisition Cost, normal purchase price Full call number Barcode Copy number Cost, replacement price Koha item type Collection code Public note
      Central Library Central Library 12/10/2015 Cen Lib/Ret 150.00 क रुडया B-140427 1 150.00 Hindi Books    
      Qila Rai Pithora Qila Rai Pithora 05/02/2019 मेधा बुक्स 150.00 क रुडया B-140464 3+1 150.00 Hindi Books   Withdrawn List Prepared L.No.54/11
      R.C.Libraries (zls) R.C.Libraries (zls) 11/12/2018   150.00 क रुडया B-201751 1. 150.00 Hindi Books Fiction  
      Shahdara Branch Shahdara Branch 29/06/2018 BPPD/PUB 150.00 क रुडया B-140429   150.00 Children Books Fiction  

© Delhi Public Library
Hit Counter
free hit counter